Beseitigung der mengenmäßigen Beschränkungen zwischen Mitgliedstaaten

Saved in:
Bibliographic Details
Main Author: Müller-Graff, Peter-Christian (Author)
Format: Chapter/Article
Language:German
Published: 1997
In: Handbuch des europäischen Rechts
Year: 1997, Pages: 1-245
Online Access: Get full text
Author Notes:Peter-Christian Müller-Graff

MARC

LEADER 00000caa a22000002c 4500
001 150315212X
003 DE-627
005 20221202114026.0
007 tu
008 150526s1997 xx ||||| 00| ||ger c
035 |a (DE-627)150315212X 
035 |a (DE-576)433152125 
035 |a (DE-599)BSZ433152125 
035 |a (OCoLC)1340691986 
040 |a DE-627  |b ger  |c DE-627  |e rakwb 
041 |a ger 
084 |a 19  |2 sdnb 
100 1 |a Müller-Graff, Peter-Christian  |d 1945-  |0 (DE-588)121637565  |0 (DE-627)081437714  |0 (DE-576)16230885X  |4 aut 
245 1 0 |a Beseitigung der mengenmäßigen Beschränkungen zwischen Mitgliedstaaten  |c Peter-Christian Müller-Graff 
264 1 |c 1997 
300 |a 245 
336 |a Text  |b txt  |2 rdacontent 
337 |a ohne Hilfsmittel zu benutzen  |b n  |2 rdamedia 
338 |a Band  |b nc  |2 rdacarrier 
773 0 8 |i In  |t Handbuch des europäischen Rechts  |d Baden-Baden : Nomos Verlagsgesellschaft, 1957  |g (1997), Seite 1-245  |h Bände (Loseblattsammlung)  |w (DE-627)1114554510  |w (DE-576)044554516  |7 nnam  |a Beseitigung der mengenmäßigen Beschränkungen zwischen Mitgliedstaaten 
773 1 8 |g year:1997  |g pages:1-245  |g extent:245  |a Beseitigung der mengenmäßigen Beschränkungen zwischen Mitgliedstaaten 
951 |a AR 
992 |a 20150526 
993 |a BookComponentPart 
994 |a 1997 
998 |g 121637565  |a Müller-Graff, Peter-Christian  |m 121637565:Müller-Graff, Peter-Christian  |d 20000  |d 20500  |e 20000PM121637565  |e 20500PM121637565  |k 0/20000/  |k 1/20000/20500/  |p 1  |x j  |y j 
999 |a KXP-PPN150315212X  |e 2844968864 
BIB |a Y 
JSO |a {"origin":[{"dateIssuedDisp":"1997","dateIssuedKey":"1997"}],"recId":"150315212X","title":[{"title":"Beseitigung der mengenmäßigen Beschränkungen zwischen Mitgliedstaaten","title_sort":"Beseitigung der mengenmäßigen Beschränkungen zwischen Mitgliedstaaten"}],"id":{"eki":["150315212X"]},"physDesc":[{"extent":"245 S."}],"name":{"displayForm":["Peter-Christian Müller-Graff"]},"type":{"bibl":"chapter"},"person":[{"role":"aut","display":"Müller-Graff, Peter-Christian","given":"Peter-Christian","family":"Müller-Graff"}],"language":["ger"],"relHost":[{"language":["ger"],"part":{"extent":"245","year":"1997","pages":"1-245","text":"(1997), Seite 1-245"},"recId":"1114554510","disp":"Beseitigung der mengenmäßigen Beschränkungen zwischen MitgliedstaatenHandbuch des europäischen Rechts","title":[{"subtitle":"systematische Sammlung","title":"Handbuch des europäischen Rechts","title_sort":"Handbuch des europäischen Rechts"}],"physDesc":[{"extent":"Bände (Loseblattsammlung)"}],"person":[{"family":"Ehlermann","given":"Claus-Dieter","role":"edt","display":"Ehlermann, Claus-Dieter"},{"role":"edt","display":"Bieber, Roland","given":"Roland","family":"Bieber"},{"given":"Marcel","role":"edt","display":"Haag, Marcel","family":"Haag"},{"family":"Groeben","display":"Groeben, Hans von der","role":"edt","given":"Hans von der"},{"display":"Boeckh, Hans von","role":"edt","given":"Hans von","family":"Boeckh"}],"type":{"bibl":"edited-book"},"name":{"displayForm":["herausgegeben von Claus-Dieter Ehlermann, Roland Bieber und Marcel Haag"]},"titleAlt":[{"title":"Handbuch für europäische Wirtschaft"},{"title":"HER"},{"title":"Systematische Sammlung mit Erläuterungen"}],"id":{"eki":["1114554510"]},"origin":[{"publisher":"Nomos Verlagsgesellschaft ; Lutzeyer","dateIssuedKey":"1957","dateIssuedDisp":"1957-2020","publisherPlace":"Baden-Baden ; Baden-Baden ; Bonn ; Frankfurt/M."}],"note":["Grundlage der Beschreibung: 708. Lieferung (August 2020)","Anfangs herausgegeben von Hans von der Groeben und Hans von Boeckh","Verlagsmitteilung: mit der 714. Aktual. wird die Printfassung eingestellt (lt. 26.11.2020) ; verwiesen wird auf das elektronische Angebot in beck-online \"Europarecht PREMIUM\" in dem das digital HER weiter enthalten sein wird"]}]} 
SRT |a MUELLERGRABESEITIGUN1997